Catálogo público

Guía de los fundamentos para la dirección de proyectos (Guía del PMBOK®) / (Record no. 219153)

MARC details
000 -CABECERA
campo de control de longitud fija 03219nam a2200421 a 4500
003 - IDENTIFICADOR DEL NÚMERO DE CONTROL
campo de control CHAP
005 - FECHA Y HORA DE LA ÚLTIMA TRANSACCIÓN
campo de control 20240130130536.0
007 - CAMPO FIJO DE DESCRIPCIÓN FÍSICA--INFORMACIÓN GENERAL
campo de control de longitud fija ta
008 - DATOS DE LONGITUD FIJA--INFORMACIÓN GENERAL
campo de control de longitud fija 230914t2017 paua|||fr|||| 001 0 s d
020 ## - NÚMERO INTERNACIONAL ESTÁNDAR DEL LIBRO
Número Internacional Estándar del Libro 978-1-62825-194-4
040 ## - FUENTE DE LA CATALOGACIÓN
Centro catalogador/agencia de origen Z
Centro/agencia transcriptor CHAP
Normas de descripción rda
082 00 - NÚMERO DE LA CLASIFICACIÓN DECIMAL DEWEY
Número de clasificación 658.404
Número de documento/Ítem G85 2017
Número de edición 20
245 10 - MENCIÓN DE TÍTULO
Título Guía de los fundamentos para la dirección de proyectos (Guía del PMBOK®) /
Mención de responsabilidad, etc. Project Management Institute
250 ## - MENCIÓN DE EDICIÓN
Mención de edición Sexta edición
264 #1 - PRODUCCIÓN, PUBLICACIÓN, DISTRIBUCIÓN, FABRICACIÓN Y COPYRIGHT
Producción, publicación, distribución, fabricación y copyright Newtown Square, Pennsylvania :
Nombre del de productor, editor, distribuidor, fabricante Project Management Institute,
Fecha de producción, publicación, distribución, fabricación o copyright c2017
300 ## - DESCRIPCIÓN FÍSICA
Extensión xxix, 756 páginas :
Otras características físicas ilustraciones
336 ## - TIPO DE CONTENIDO
Fuente rdacontent
Término de tipo de contenido texto
Código de tipo de contenido txt
337 ## - TIPO DE MEDIO
Fuente rdamedia
Nombre/término del tipo de medio sin medio
Código del tipo de medio n
338 ## - TIPO DE SOPORTE
Fuente rdacarrier
Nombre/término del tipo de soporte volumen
Código del tipo de soporte nc
500 ## - NOTA GENERAL
Nota general ej.1: consumo / ej.2: consumo / ej.3: consumo / ej.4: consumo
500 ## - NOTA GENERAL
Nota general En portada: Incluye el estándar para la dirección de proyectos
504 ## - NOTA DE BIBLIOGRAFÍA, ETC.
Nota de bibliografía, etc. Bibliografía: página 537
505 2# - NOTA DE CONTENIDO CON FORMATO
Información miscelánea Parte 1. Guía de los fundamentos para la dirección de proyectos (Guía del PMBOK®).-- 1. Introducción. -- 2. El entorno en el que operan los proyectos. -- 3. El rol de dirección del proyecto.-- 4. Gestión de la integración del proyecto. -- 5. Gestión del alcance del proyecto. -- 6. Gestión del cronograma del proyecto. -- 7. Gestión de los costos del proyecto. -- 8. Gestión de la calidad del proyecto. -- 9. Gestión de los recursos del proyecto. -- 10. Gestión de las comunicaciones del proyecto. -- 11. Gestión de los riesgos del proyecto. -- 12. Gestión de las adquisiciones del proyecto. -- 13. Gestión de los interesados del proyecto. -- Parte 2. El estándar de la dirección de proyectos. -- 1. Introducción. -- 2. Grupo de proceso de inicio. -- 3. Grupo de procesos de planificación. -- 4. Grupo de procesos de ejecución. -- 5. Grupo de procesos de monitoreo y control. -- 6. Grupo de procesos de cierre. -- Parte 3. Apéndice, glosario e índice.<br/>
520 ## - SUMARIO, ETC.
Sumario, etc. En 1983, un grupo de voluntarios del Project Management institute (PMI) se reunió con un propósito innovador: crear los fundamentos para la dirección de proyectos. Este esfuerzo se convertiría posteriormente en el estándar global para la dirección de proyectos: Guía de los fundamentos para la dirección de proyectos (Guía del PMBOK). Hoy en día esta Guía es ampliamente recomendad como la autoridad integral sobre prácticas efectivas de proyectos, por que es desarrollada exclusivamente para directores proyectos. La sexta edición incluye orientación sobre la aplicación de buenas prácticas de dirección de proyectos en ambientes ágiles o adaptativos. La sexta edición también pone mayor énfasis en los aspectos estratégicos y empresariales de la dirección de proyectos.
534 ## - NOTA SOBRE LA VERSIÓN ORIGINAL
Frase introductoria Título original: Guide to the project management body of knowledge (PMBOK guide)
650 14 - PUNTO DE ACCESO ADICIONAL DE MATERIA--TÉRMINO DE MATERIA
9 (RLIN) 150079
Término de materia o nombre geográfico como elemento de entrada Administración de proyectos
Subdivisión general Normas
650 14 - PUNTO DE ACCESO ADICIONAL DE MATERIA--TÉRMINO DE MATERIA
9 (RLIN) 154741
Término de materia o nombre geográfico como elemento de entrada Administración empresarial
Subdivisión general Toma de desiciones
650 14 - PUNTO DE ACCESO ADICIONAL DE MATERIA--TÉRMINO DE MATERIA
9 (RLIN) 154035
Término de materia o nombre geográfico como elemento de entrada Planificación estratégica
650 14 - PUNTO DE ACCESO ADICIONAL DE MATERIA--TÉRMINO DE MATERIA
9 (RLIN) 80696
Término de materia o nombre geográfico como elemento de entrada Negocios
710 1# - PUNTO DE ACCESO ADICIONAL--NOMBRE DE ENTIDAD CORPORATIVA
9 (RLIN) 188017
Nombre de entidad corporativa o nombre de jurisdicción como elemento de entrada Project Management Institute
Término indicativo de función/relación editor
942 ## - ELEMENTOS DE PUNTO DE ACCESO ADICIONAL (KOHA)
Fuente del sistema de clasificación o colocación Dewey Decimal Classification
942 ## - ELEMENTOS DE PUNTO DE ACCESO ADICIONAL (KOHA)
Fuente del sistema de clasificación o colocación Dewey Decimal Classification
942 ## - ELEMENTOS DE PUNTO DE ACCESO ADICIONAL (KOHA)
Fuente del sistema de clasificación o colocación Dewey Decimal Classification
942 ## - ELEMENTOS DE PUNTO DE ACCESO ADICIONAL (KOHA)
Fuente del sistema de clasificación o colocación Dewey Decimal Classification
942 ## - ELEMENTOS DE PUNTO DE ACCESO ADICIONAL (KOHA)
Fuente del sistema de clasificación o colocación Dewey Decimal Classification
942 ## - ELEMENTOS DE PUNTO DE ACCESO ADICIONAL (KOHA)
Tipo de ítem Koha Libro
942 ## - ELEMENTOS DE PUNTO DE ACCESO ADICIONAL (KOHA)
Tipo de ítem Koha Libro
Holdings
Estado de retiro Estado de pérdida Fuente del sistema de clasificación o colocación Estado dañado Restricciones de uso No para préstamo Código de colección Localización permanente Ubicación/localización actual Fecha de adquisición Fuente de adquisición Coste, precio normal de compra Número de inventario Total de préstamos Signatura topográfica completa Código de barras Fecha visto por última vez Número de copia Precio válido a partir de Tipo de ítem Koha
    Dewey Decimal Classification   Préstamo interno   General Zootecnia Zootecnia 09/10/2019 Compra Libreria UACh No. 38370 2107.00 Consumo   658.404 G85 2017 5102007378 25/09/2023 Ej.1 25/09/2023 Libro
    Dewey Decimal Classification   Préstamo 5 días   General Zootecnia Zootecnia 09/10/2019 Compra Libreria UACh No. 38370 2107.00 Consumo   658.404 G85 2017 5102007379 25/09/2023 Ej.2 25/09/2023 Libro
    Dewey Decimal Classification   Préstamo 5 días   Consulta Zootecnia Zootecnia 09/10/2019 Compra Libreria UACh No. 38370 2107.00 Consumo   658.404 G85 2017 5102007380 25/09/2023 Ej.3 25/09/2023 Libro
    Dewey Decimal Classification   Préstamo 5 días   General Zootecnia Zootecnia 09/10/2019 Compra Libreria UACh No. 38370 2107.00 Consumo   658.404 G85 2017 5102007381 25/09/2023 Ej.4 25/09/2023 Libro